Score 0/10 Timer 04:00
0 Plays Today
% Correct
The One With All the Thanksgivings
84.6%
The One With the Football
79.3%
The One With the Late Thanksgiving
71.3%
The One With Rachel's Other Sister
70.8%
The One With Chandler in a Box
70.3%
The One Where Ross Got High
60.5%
The One Where the Underdog Gets Away
59%
The One Where Chandler Doesn't Like Dogs
53.5%
The One With the Rumor
49%
The One With the List
32.7%

You're not logged in!

Compare scores with friends on all Sporcle quizzes.
OR
Log In

Sporcle TV

Today on Sporcle TV


Watch our educational content, quiz creation guides, and fun videos on Sporcle TV.

Show Comments

Extras

Top Quizzes Today


Score Distribution

Paid Content

Your Account Isn't Verified!

In order to create a playlist on Sporcle, you need to verify the email address you used during registration. Go to your Sporcle Settings to finish the process.

Report this User

Report this user for behavior that violates our Community Guidelines.

Details: